000 00700nam a2200265Ia 4500
005 20260121171422.0
008 008 260114s9999 xx 000 0 eng d
020 _a9783030152659
037 _aEBOOK
040 _aCRL
040 _beng
040 _cCRL
041 _2eng
041 _aeng
084 _qCRL
100 _aZakaria Hamimi, Ahmed El-Barkooky, Jesús Martínez Frías, Harald Fritz, Yasser Abd El-Rahman
_91076002
245 4 _aThe Geology of Egypt
260 _bSpringer
260 _bSpringer
260 _c2020
856 _uhttps://link.springer.com/openurl?genre=book&isbn=978-3-030-15265-9
942 _cEBOOK
999 _c1641732
_d1641732